| 000 | 02557cam a22002414a 4500 | ||
|---|---|---|---|
| 020 | _a159385188X (cloth) | ||
| 041 | _aENG | ||
| 082 | 0 | 0 |
_a100 _bBAR |
| 100 | _aBarrett, Lisa Feldman | ||
| 245 | 0 | 0 | _aEmotion and consciousness |
| 260 |
_aNew York : _bGuilford Press, _c2005. |
||
| 300 |
_axii, 420 p. : _bill. ; |
||
| 505 | 0 | _aIntroductory chapter / Lisa Feldman Barrett, Paula Niedenthal, & Piotr Winkielman -- Cognition and emotion -- Embodiment in the acquisition and use of emotion knowledge / Paula M. Niedenthal, Lawrence W. Barsalou, François Ric & Silvia Krauth-Gruber -- The interaction of emotion and cognition: insights from studies of the human amygdala / Elizabeth A. Phelps -- Affect and the resolution of cognitive control dilemmas / Jeremy R. Gray, Alexandre Schaefer, Tood S. Braver & Steven B. Most -- Unconscious emotional processing : perception of visual stimuli -- Caught by the evil eye : nonconscious information processing, emotion, and attention to facial stimuli / Daniel Lundqvist & Arne Öhman -- Nonconscious emotions : new findings and perspectives on nonconscious facial expression recognition and their contents / Beatrice deGelder -- Visual emotion perception : mechanisms and processes / Anthony P. Atkinson & Ralph Adolphs -- Emotional behavior -- Conscious and unconscious emotion in nonlinguistic vocal communication / Michael J. Owren, Drew Rendell & Jo Anne Bachorowski -- Behavior systems and the contextual control of anxiety, fear, and panic / Mark E. Bouton -- The conscious experience of emotion -- Emotion experience and the indeterminacy of valence / Louis C. Charland -- The experience of emotion / Lisa Feldman Barrett -- Perspectives on the conscious-unconscious debate -- Emotion processes considered from the perspective of dual-process models / Eliot R. Smith & Roland Neumann -- Unconscious processes in emotion : the bulk of the iceberg / Klaus Scherer -- Emotion, behavior, and conscious experience / Piotr Winkielman, Kent Berridge & Julie Wilbarger -- Emotions, embodiment, and awareness / Jesse J. Prinz -- The seven deadly sins of research on affect / Gerald L. Clore, Justin Storbeck, Michael D. Robinson & David Centerbar. | |
| 650 | 0 | _aConsciousness. | |
| 650 | 0 | _aEmotions. | |
| 650 | 0 | _aEmotions and cognition. | |
| 700 | 1 | _aBarrett, Lisa Feldman. | |
| 700 | 1 | _aNiedenthal, Paula M. | |
| 700 | 1 | _aWinkielman, Piotr. | |
| 856 | 4 | 1 | _uhttp://www.loc.gov/catdir/toc/ecip056/2005001276.html |
| 856 | 4 | 2 | _uhttp://www.loc.gov/catdir/enhancements/fy0621/2005001276-b.html |
| 942 | _cBK | ||
| 999 |
_c22737 _d22737 |
||